000
00290nam a22001097a 4500
008
230621b xxu||||| |||| 00| 0 eng d
082
_a
328.3
_b
PSC 2013
245
_a
The Journal of Parliamentary Information
260
_a
Kenya
_b
Parliament of Kenya
_c
2013
300
_a
107p
942
_2
ddc
_c
BK
999
_c
2325
_d
2325